| 000 | 00402cam a2200181ua 4500 | ||
|---|---|---|---|
| 001 | 5556 | ||
| 008 | 060101n1990 II |||gr||||Z||||||asm | ||
| 040 | _aMAIN | ||
| 041 | _aEnglish | ||
| 082 | _a491.451 BAR | ||
| 100 | _aBARUAH, BHIMKANTA. | ||
| 245 | _aASOMOR BHASA | ||
| 250 | _a1ST. | ||
| 260 |
_aDIBRUGARH _bBANALATA _c1990 |
||
| 300 |
_a213: _c21CM. |
||
| 653 | _aASSAMESE LANGUAGE | ||
| 942 | _cBK | ||
| 999 |
_c5541 _d5541 |
||